000 02093nam2a22003731 4500
001 rc\794555
005 20250622135658.0
035 _a(NLR Aleph) 006326271
090 _a7498066
_c7498066
100 _a20040301d1983 |||y0rusy50 ca
101 0 _arus
102 _aRU
105 _aa |||||||||
200 0 _aТ. 3
_f[Послесл. Ю.Л. Прокушева]
210 _d1983
_aБ. м.
215 _a414 с., 4 л. ил.
_d21
320 _aБиблиогр. в примеч.: с. 348-390
320 _aАлф. указ. имен: с. 391-409
327 1 _aСодерж.: Проза: Яр; У Белой воды; Бобыль и Дружок; Железный Миргород; Лит.-критич. ст. и заметки; Автобиографии; Автобиогр. наброски; Письма и заявления
461 0 _1001rc\794552
_12001#$aСобрание сочинений$eВ 3 т.$fСергей Есенин$g[Сост., общ. ред., вступ. ст., с. 3-36, Ю.Л. Прокушева]$vТ. 3
_1700#1$aЕсенин$bС. А.$gСергей Александрович$f1895-1925$3RU\NLR\AUTH\774376
_97498038
_aЕсенин, С. А. (1895-1925)
_cМ.
_d1983-
_fСергей Есенин
_nПравда
_oВ 3 т.
_tСобрание сочинений
_vТ. 3
464 0 _12001#$aЯр
_tЯр
464 0 _12001#$aУ Белой воды
_tУ Белой воды
464 0 _12001#$aБобыль и Дружок
_tБобыль и Дружок
464 0 _12001#$aЖелезный Миргород
_tЖелезный Миргород
464 0 _12001#$aЛит.-критич. ст. и заметки
_tЛит.-критич. ст. и заметки
464 0 _12001#$aАвтобиографии
_tАвтобиографии
464 0 _12001#$aАвтобиогр. наброски
_tАвтобиогр. наброски
464 0 _12001#$aПисьма и заявления
_tПисьма и заявления
801 0 _aRU
_bNLR
_gpsbo
801 1 _aRU
_bELAR
_2rusmarc
852 _aNLR
_j84-3/1514
942 _cBOOK
980 _aNB